000 00285nam a22001337a 4500
008 180927b xxu||||| |||| 00| 0 eng d
020 _a9780131019690
041 _aeng
080 _a53
100 _a43
101 _aFIZ
245 _aPhyslet Physics
_cChristian,W
942 _2udc
_cBK
999 _c48625
_d48625